000 00946cam a2200313 4500
008 090401t1999 xxu||||| |||| 00| 0 eng d
020 _a0727727850
035 _a(Sirsi) u99911
041 _aeng
050 _a624.08
100 _aO`Reilly, Michael
245 _aCivil engineering construction contracts.
250 _a2nd
260 _aLondon
_bThomas Telford
_c1999
300 _axxvii, 378p. ; 24cm.
350 _a45.00
650 _aMANAGEMENT-DISPUTE AVOIDANCE, MANAGEMENT AND RESOLUTION-DISPUTE MANAGEMENT AND RESOLUTION-ARBITRATION
650 _aBUILT ENVIRONMENT-BUILDING CONTRACT FORMS
650 _aCIVIL ENGINEERING CONTRACTS
650 _aCLAIMS
650 _aCONTRACT LAW
650 _aDISPUTE RESOLUTION
_96236
650 _aICE CONDITIONS OF CONTRACT
650 _aICE
650 _aNEW ENGINEERING CONTRACTS
690 _aBUILT ENVIRONMENT-BUILDING CONTRACT FORMS
942 _n0
948 _c21/05/1999
999 _c99521
_d99521